The trespassers / (Record no. 3703)
[ view plain ]
| 000 -LEADER | |
|---|---|
| fixed length control field | 00867nam a22002417a 4500 |
| 001 - CONTROL NUMBER | |
| control field | 3703 |
| 003 - CONTROL NUMBER IDENTIFIER | |
| control field | FISKH |
| 005 - DATE AND TIME OF LATEST TRANSACTION | |
| control field | 20240423094152.0 |
| 008 - FIXED-LENGTH DATA ELEMENTS--GENERAL INFORMATION | |
| fixed length control field | 240423b cb ||||| |||| 00| 0 eng d |
| 040 ## - CATALOGING SOURCE | |
| Original cataloging agency | FISK |
| Language of cataloging | eng |
| Transcribing agency | FISK |
| Modifying agency | FISK |
| 050 ## - LIBRARY OF CONGRESS CALL NUMBER | |
| Classification number | PZ7.S68522 |
| 082 ## - DEWEY DECIMAL CLASSIFICATION NUMBER | |
| Classification number | 813.54 |
| 100 ## - MAIN ENTRY--PERSONAL NAME | |
| Personal name | Snyder Keatley Zilpha |
| Dates associated with a name | 1927-2014 |
| 245 ## - TITLE STATEMENT | |
| Title | The trespassers / |
| Statement of responsibility, etc. | Zilpha Keatley Snyder |
| 260 ## - PUBLICATION, DISTRIBUTION, ETC. | |
| Place of publication, distribution, etc. | New York : |
| Name of publisher, distributor, etc. | Zilpha Keatley Snyder, |
| Date of publication, distribution, etc. | 1996 |
| 300 ## - PHYSICAL DESCRIPTION | |
| Extent | 200 pages : |
| Dimensions | 20 cm |
| 505 ## - FORMATTED CONTENTS NOTE | |
| Formatted contents note | U |
| 520 ## - SUMMARY, ETC. | |
| Summary, etc. | Having trespassed and explored the empty Hutchinson mansion, which seems haunted by the presence of a long-dead young girl, sixth grader Neely and her little brother become regular visitors when emotionally disturbed Curtis Hutchinson moves in. |
| 521 8# - TARGET AUDIENCE NOTE | |
| Target audience note | 950 |
| Source | Lexile |
| 700 ## - ADDED ENTRY--PERSONAL NAME | |
| Personal name | Zilpha Keatley Snyder |
| 942 ## - ADDED ENTRY ELEMENTS (KOHA) | |
| Source of classification or shelving scheme | Library of Congress Classification |
| Koha item type | Books |
| Suppress in OPAC | No |
| Withdrawn status | Lost status | Source of classification or shelving scheme | Damaged status | Not for loan | Collection | Home library | Current library | Shelving location | Date acquired | Total Checkouts | Full call number | Barcode | Date last seen | Date last checked out | Copy number | Price effective from | Koha item type |
|---|---|---|---|---|---|---|---|---|---|---|---|---|---|---|---|---|---|
| Library of Congress Classification | Fiction | Footprints International School Library Network Toul Tom Poung Campus | Footprints International School Library Network Toul Tom Poung Campus | TTP Secondary Fiction Bookshelves | 04/23/2024 | 1 | SNY PZ7.S68522 813.54 | 2024-0492 | 01/05/2026 | 12/01/2025 | 1 | 04/23/2024 | Books |
